[Event "CRO-chT3 West"]
[Site "Croatia"]
[Date "2020.10.25"]
[Round "8.5"]
[White "Salkovic, Matej"]
[Black "Matijevic, Karlo"]
[Result "0-1"]
[WhiteElo "1443"]
[BlackElo "1608"]
[PlyCount "116"]
[EventDate "2020.09.12"]
[EventType "team-tourn"]
[EventRounds "9"]
[EventCountry "CRO"]
[SourceTitle "EXT 2022"]
[Source "ChessBase"]
[SourceDate "2021.10.06"]
[SourceVersion "1"]
[SourceVersionDate "2021.10.06"]
[SourceQuality "1"]
[WhiteTeam "Cres"]
[BlackTeam "Gospic"]
[WhiteTeamCountry "CRO"]
[BlackTeamCountry "CRO"]

1. d4 d5 2. c4 Nf6 3. cxd5 Nxd5 4. e4 Nb6 5. Nc3 e6 6. a3 c5 7. Bb5+ Bd7 8. dxc5 Bxc5 9. Nf3 a6 10. Bxd7+ Qxd7 11. 0-0 0-0 12. b4 Be7 13. Qe2 Nc6 14. Be3 Qc7 15. Rac1 Bd6 16. e5 Be7 17. Ne4 Nd5 18. Bc5 Bxc5 19. Nxc5 b6 20. Ne4 Qb7 21. Nd6 Qc7 22. Qc4 Nde7 23. Nd4 Rac8 24. Nxc8 Rxc8 25. Nxc6 Qxc6 26. Qxc6 Rxc6 27. Rxc6 Nxc6 28. Rc1 Ne7 29. Rc7 Kf8 30. Ra7 Nc6 31. Rxa6 Nxe5 32. Rxb6 Ke8 33. a4 Kd8 34. a5 Kc7 35. Rb5 Nd7 36. a6 Nb6 37. Rxb6 Kxb6 38. b5 f5 39. Kf1 e5 40. Ke2 g5 41. Ke3 h5 42. h3 f4+ 43. Ke4 g4 44. Kxe5 f3 45. hxg4 fxg2 46. gxh5 g1Q 47. f4 Qh2 48. h6 Qxh6 49. f5 Kxb5 50. f6 Kxa6 51. Ke6 Qf8 52. f7 Kb7 53. Kf6 Kc7 54. Kg6 Kd7 55. Kf6 Qh8+ 56. Kg6 Ke7 57. f8Q+ Qxf8 58. Kh7 Qf1 0-1